| 000 | 00467nam a22001817a 4500 | ||
|---|---|---|---|
| 003 | NUST - PNEC | ||
| 005 | 20170116180754.0 | ||
| 008 | 150317b xxu||||| |||| 00| 0 eng d | ||
| 020 | _a9788172454494 | ||
| 040 | _cLIBRARY | ||
| 082 | _a423.1 DOW | ||
| 100 |
_91884 _a Dave Dowling |
||
| 245 |
_aThe Wrong Word Dictionary _cDave Dowling |
||
| 260 |
_aIndia _bNew Delhi _cC |
||
| 300 | _a240 . : | ||
| 650 |
_91885 _aThe Wrong Word Dictionary _xME |
||
| 942 |
_2ddc _cBK |
||
| 999 |
_c62644 _d62644 |
||